Az oktatási reform reformja Kapuzárási pánik : Nyertesek és vesztesek

Elmentve itt :
Bibliográfiai részletek
Dokumentumtípus: Cikk
Megjelent: 2011-05-14
Sorozat:Heti Világgazdaság
Kulcsszavak:Felsőoktatási törvénytervezet
Online Access:http://univ.bibl.u-szeged.hu/40777
LEADER 00499nab a2200157 i 4500
001 univ40777
005 20171214104131.0
008 171214s2011 hu o 0|| zxx d
040 |a SZTE UnivHistória Repozitórium  |b hun 
041 |a zxx 
245 0 3 |a Az oktatási reform reformja   |h [elektronikus dokumentum] :  |b Kapuzárási pánik : Nyertesek és vesztesek 
260 |c 2011-05-14 
300 |a 8-11 
490 0 |a Heti Világgazdaság 
561 |a Egyetemi hirarchívum 
695 |a Felsőoktatási törvénytervezet